Images à relier - Partenaires de Jeux Vidéo - Statistiques

Statistiques générales
  • Ce quiz a été pris 90 fois
  • Le résultat moyen est 18 sur 25
Statistiques - réponses
Hint Explanation Réponse % Correct
055e61413f-450.webp Mario et Luigi (Mario) a82b303a95-450.webp
97%
dda2ca1821-450.webp Hershel Layton et Luke Triton (Professeur Layton) 0c24f2e992-450.webp
95%
a82acf214c-450.webp Cuphead et Mugman (Cuphead) f8f8b6b903-450.webp
92%
d3731db047-450.webp May et Cody (It Takes Two) 795300c7ab-450.webp
91%
d86191be2a-450.webp Tails et Sonic (Sonic) aef942e664-450.webp
91%
d66edc47fd-450.webp Crash Bandicoot et Aku Aku (Crash Bandicoot) 59a091664c-450.webp
89%
61868eea47-450.webp Franklin Clinton et Michael De Santa (GTA V) 699f2e7ec7-450.webp
89%
e122fa469b-450.webp Lumine et Paimon (Genshin Impact) 978e3de1f0-450.webp
89%
6f4ae1d032-450.webp Phoenix Wright et Maya Fey (Phoenix Wright : Ace Attorney) 791b052f35-450.webp
88%
5364fdcf64-450.webp Fox McCloud et Falco Lombardi (Star Fox) 872b4ca683-450.webp
85%
38406fbd83-450.webp Jackie Welles et Valérie (Cyberpunk 2077) 0959bf1ed4-450.webp
78%
73851060f7-450.webp Link et Navi (The Legend of Zelda) 4cd4f659c1-450.webp
77%
2d41c15d7e-450.webp Sparx et Spyro (Spyro) d636c7a4da-450.webp
74%
a88481d002-450.webp Ellie Williams et Joel Miller (The Last of Us) de3646577a-450.webp
74%
7ad34996ad-450.webp Tifa Lockhart et Cloud Strife (Final Fantasy VII) 67b1e7970e-450.webp
68%
6d7031f3d5-450.webp Atreus et Kratos (God of War) eaaf3ff39f-450.webp
68%
f773925f02-450.webp Ratchet et Clank (Ratchet and Clank) ecc1727b67-450.webp
68%
957de63ca2-450.webp Mordecaï et Sanguine (Borderlands) c84ef0b9f6-450.webp
65%
0476557796-450.webp Sora et Donald (Kingdom Hearts) 5a0bbdde06-450.webp
54%
63f29c0f22-450.webp Gustave et Maelle (Clair Obscur: Expedition 33) fb14a08fb4-450.webp
54%
cc811a4565-450.webp Naoe Fujibayashi et Yasuke (Assassin's Creed Shadows) 99a372636f-450.webp
52%
8f15b02a8b-450.webp Hank Anderson et Connor (Detroit: Bacome Human) d3471382f8-450.webp
52%
315d9bb55f-450.webp Victor "Sully" Sullivan et Nathan "Nate" Drake (Uncharted) 6c74b1f843-450.webp
48%
0880f93ea8-450.webp Aiden Pearce et Clara Lille (Watchdogs) adac9fab58-450.webp
48%
f5da9dee3c-450.webp Lady et Dante (Devil May Cry) 596b535847-450.webp
45%
Aucun quiz correspondant
Distribution des résultats
% des personnes avec chaque résultat
Percentile par nombre de réponses
Votre historique - résultats
Vous n’avez pas pris ce quiz